| 000 | 00582nam a2200169 a 4500 | ||
|---|---|---|---|
| 001 | 000035414 | ||
| 005 | 20200930074326.0 | ||
| 008 | 111031s1958 ag 000 0 spa d | ||
| 040 |
_aDO-SdBNP _bspa _cBNPHU |
||
| 082 |
_axxxx _bxxxx |
||
| 100 | 1 |
_aKechekian, S. F. _961246 |
|
| 245 | 1 | 0 |
_aHistoria de las ideas politicas / _cS. F. Kechekian. |
| 260 |
_aBuenos Aires, : _bCartago, _c1958. |
||
| 300 |
_a688 p. ; _c27 cm. |
||
| 590 | _aPerteneció a la biblioteca personal de Juan Isidro Jimenes Grullón. | ||
| 504 | _aIncluye referencias bibliográficas y notas al pie de las páginas | ||
| 999 |
_c34905 _d34905 |
||